00574 a2200169 4500003000400000005001700004008004100021040000900062082001800071100002900089245005200118260003800170300000900208942004200217952012800259999001700387OSt20231218111447.0231218b |||||||| |||| 00| 0 eng d coclc a891.43bBHA/S aBharadwaj, Bharat910152 aSAMKALEEN SRIJAN SANDARBHA 1 /cBharat Bhardwaj aNew Delhi:bVani Prakashan,c2000 a147p 2ddccBKh891.43iBHA/Sk891.43mBHA/S 00102ddc40708LITaMESbMEScHINd2023-12-18l0o891.43 BHA/Sp43085r2023-12-18 11:16:00v125.00w2023-12-18yBKzGR6R3 c43451d43451